Normal view
MARC view
- Ādi-Granth.
Entry Uniform Title
001 - CONTROL NUMBER
- control field: 14390
003 - CONTROL NUMBER IDENTIFIER
- control field: NUST
005 - DATE AND TIME OF LATEST TRANSACTION
- control field: 20190516080932.0
008 - FIXED-LENGTH DATA ELEMENTS
- fixed length control field: 190516|| aca||aabn | a|a d
040 ## - CATALOGING SOURCE
- Original cataloging agency: NUST
- Transcribing agency: NUST
130 ## - HEADING--UNIFORM TITLE
- Uniform title: Ādi-Granth.
670 ## - SOURCE DATA FOUND
- Source citation: Work cat.: (NUST)0: Macauliffe, Max Arthur, 1842-1913. [from old catalog] 14387, The Sikh religion, its gurus, sacred writings, and authors., 2000.
